Statistics for Lana Del Rey Trivia

Click here to take the quiz!

General Stats

  • This quiz has been taken 558 times
    (555 since last reset)
  • The average score is 11 of 28

Answer Stats

HintAnswer% Correct
How old is Lana?31
86%
In what state was she born?New York
83%
What was the first single off of Born To Die?Video Games
73%
What soda brands does Lana mention in her song lyrics?Pepsi Cola
64%
Coca Cola
63%
What was the first single off of Lust For Life?Love
61%
What are Lana's siblings names?Caroline
59%
What is Lana's real full name?Elizabeth Woolridge Grant
56%
What was the first single off of Ultraviolence?West Coast
53%
What year was that? ↑2012
52%
Diet Mountain Dew
51%
The Great Gatsby
51%
What was the first single off of Honeymoon?Honeymoon
49%
What is Lana's sister's occupation?Photographer
47%
Charlie
42%
What are Lana's parents names?Robert
42%
What is Lana's star sign?Gemini
38%
Big Eyes
29%
What does the tattoo on Lana's right hand say?Trust no one
29%
In what movies was Lana's music featured?Maleficent
26%
In what city was she born?Lake Placid
23%
Patricia
15%
In what magazine was Lana named Woman of the Year?GQ Magazine
13%
What did Lana study in college?Metaphysics
12%
What nickname did Lana give herself in her Youtube channel description before she rose to fame?Gangsta Nancy Sinatra
5%
What is the name of the male model in her short film Tropico?Shaun Ross
5%
What is the name of the male model in a lot of Lana's music videos?Bradley Soileau
4%
What is the name of the radio host who first played Video Games on the radio?Fearne Cotton
3%

Score Distribution

Percentile by Number Answered

Percent of People with Each Score

Your Score History

You have not taken this quiz since the last reset